[Event "KP 2017-18, Jaromer - Horice"]
[Site "?"]
[Date "2017.11.26"]
[Round "3.6"]
[White "Lustinec, Vladimir"]
[Black "Kunes, Jan"]
[Result "1-0"]
[WhiteElo "1943"]
[BlackElo "1913"]
[PlyCount "93"]
[EventDate "2017.??.??"]

1. e4 c5 2. Nf3 d6 3. d4 cxd4 4. Nxd4 Nf6 5. Nc3 a6 6. a4 e6 7. Be2 Be7 8. O-O
O-O 9. Be3 Qc7 10. Nb3 b6 11. f3 Nc6 12. Qe1 Rb8 13. Qf2 Nb4 14. Rfc1 d5 15.
exd5 Nfxd5 16. Nxd5 Nxd5 17. Bd2 Bf6 18. c3 Be5 19. g3 Ne7 20. Be3 Bf6 21. Bd3
e5 22. Qc2 g6 23. Qe2 a5 24. Nd2 Bf5 25. Ne4 Bg7 26. b4 Nd5 27. Bd2 h6 28. Rab1
Qe7 29. bxa5 bxa5 30. Rb5 Qa7+ 31. Kg2 Rxb5 32. Bxb5 Rd8 33. c4 Bxe4 34. fxe4
Nf6 35. Bc6 Qb6 36. Bd5 Qb2 37. Re1 Qb6 38. Qf2 Nxd5 39. cxd5 Qd6 40. Bxa5 Rb8
41. Qd2 Qa3 42. Bc3 Qxa4 43. d6 Rb7 44. Qd5 Qc2+ 45. Bd2 Rd7 46. Rc1 Qb2 47.
Rc7 1-0

[Event "KP 2017-18, Jaromer - Horice"]
[Site "?"]
[Date "2017.11.26"]
[Round "3.7"]
[White "Boruvka, Milan"]
[Black "Kaspar, Ladislav"]
[Result "1/2-1/2"]
[WhiteElo "1851"]
[BlackElo "1791"]
[PlyCount "109"]
[EventDate "2017.??.??"]

1. e4 c5 2. Nc3 b6 3. f4 Bb7 4. Nf3 Nf6 5. d3 e6 6. g3 d5 7. exd5 exd5 8. d4
Nc6 9. Bb5 Be7 10. Ne5 Rc8 11. O-O O-O 12. Bxc6 Bxc6 13. Nxc6 Rxc6 14. Be3 Qd7
15. Qf3 Qf5 16. Rac1 Re8 17. Rf2 Ng4 18. Re2 Nf6 19. Rce1 Qd7 20. f5 h5 21. h3
Rcc8 22. g4 hxg4 23. hxg4 cxd4 24. Bxd4 Bc5 25. Bxc5 bxc5 26. g5 Ne4 27. Nxe4
dxe4 28. Rxe4 Rxe4 29. Qxe4 Qd4+ 30. Qxd4 cxd4 31. g6 Kf8 32. Re2 Rc6 33. gxf7
Kxf7 34. Kg2 Kf6 35. Rf2 Ke5 36. Kg3 Ke4 37. Kg4 Ke3 38. Rh2 Rc5 39. Kg5 Ke4
40. Rh4+ Ke3 41. Rh2 Ke4 42. Kg4 Ke3 43. b3 Rc3 44. Kg5 Ke4 45. Rh4+ Ke5 46.
Rh2 Rg3+ 47. Kh4 Rg1 48. Rf2 Ke4 49. f6 gxf6 50. Rxf6 Ke3 51. Rc6 Kd2 52. Rc4
Ke3 53. a4 d3 54. cxd3 Kxd3 55. Rc7 1/2-1/2

[Event "KP 2017-18, Jaromer - Horice"]
[Site "?"]
[Date "2017.11.26"]
[Round "3.8"]
[White "Sucharda, Tomas"]
[Black "Pultar, Stanislav"]
[Result "1/2-1/2"]
[WhiteElo "1635"]
[BlackElo "1815"]
[PlyCount "47"]
[EventDate "2017.??.??"]

1. b3 e5 2. Bb2 d6 3. e3 Nc6 4. Bb5 Bd7 5. d4 exd4 6. exd4 d5 7. Nf3 Nf6 8. O-O
Be7 9. Nbd2 O-O 10. Re1 Bd6 11. Bxc6 Bxc6 12. Ne5 Re8 13. Rc1 Bd7 14. h3 c6 15.
f4 g6 16. Qf3 Qa5 17. a4 Qd8 18. c4 Bb4 19. Bc3 Bxc3 20. Rxc3 Be6 21. Qf2 Bf5
22. g4 Ne4 23. Nxe4 Bxe4 24. Rd1 1/2-1/2

[Event "KP 2017-18, Slavia HK - Vrchlabi"]
[Site "KHSS"]
[Date "2017.11.26"]
[Round "3.2"]
[White "Tejkal, Lubomir"]
[Black "Novak, Radomir"]
[Result "0-1"]
[WhiteElo "1999"]
[BlackElo "2105"]
[PlyCount "84"]
[EventDate "2017.11.26"]

1. e4 e6 2. Qe2 Be7 3. Nf3 d5 4. d3 Nf6 5. g3 O-O 6. Bg2 c5 7. O-O Nc6 8. Re1
d4 9. e5 Nd5 10. Nbd2 b5 11. a4 Ba6 12. Ne4 h6 13. axb5 Bxb5 14. c4 dxc3 15.
bxc3 Nc7 16. c4 Ba6 17. Ba3 Nb4 18. Red1 Bb7 19. Ne1 Qc8 20. Qg4 Ne8 21. Bc1
Kh7 22. Qh5 f5 23. Bg5 fxe4 24. Bxe7 Rf5 25. Qe2 exd3 26. Qe3 Bxg2 27. Nxg2 Qb7
28. Bxc5 Rf3 29. Qd2 Nc2 30. Rab1 Qc6 31. Nh4 Qxc5 32. Nxf3 Rd8 33. Qf4 Nb4 34.
Qh4 Rd7 35. Qe4+ Kg8 36. Qa8 Kf7 37. Qb8 a5 38. Qb5 Qc7 39. Ra1 Nc6 40. Ra3 Na7
41. Qa6 Nc6 42. Qxc6 Qxc6 0-1

[Event "KP 2017-18, Slavia HK - Vrchlabi"]
[Site "KHSS"]
[Date "2017.11.26"]
[Round "3.3"]
[White "Jaeger, Ludek"]
[Black "Trojan, Ondrej"]
[Result "1/2-1/2"]
[WhiteElo "1996"]
[BlackElo "1843"]
[PlyCount "36"]
[EventDate "2017.11.26"]

1. c4 g6 2. Nc3 Bg7 3. g3 Nf6 4. Bg2 Nc6 5. Nf3 b6 6. O-O Bb7 7. d4 e6 8. Bf4
O-O 9. Qd2 d5 10. cxd5 exd5 11. Rfd1 Rc8 12. Ne5 Ne7 13. Rac1 c6 14. b4 a6 15.
a4 b5 16. a5 Nd7 17. Nf3 Rb8 18. Bh6 Nc8 1/2-1/2

[Event "KP 2017-18, Slavia HK - Vrchlabi"]
[Site "KHSS"]
[Date "2017.11.26"]
[Round "3.4"]
[White "Blazek, Martin"]
[Black "Marek, Petr"]
[Result "1/2-1/2"]
[WhiteElo "1792"]
[BlackElo "1955"]
[PlyCount "79"]
[EventDate "2017.11.26"]

1. e4 e5 2. Nf3 Nc6 3. d4 exd4 4. Bc4 Nf6 5. e5 Ng4 6. Bxf7+ Kxf7 7. Ng5+ Ke8
8. Qxg4 Nxe5 9. Qxd4 Qf6 10. O-O Be7 11. Nc3 Nc6 12. Qe4 Qd4 13. Re1 Qxe4 14.
Rxe4 d6 15. Nd5 Kd7 16. Ne6 Bf6 17. Ndxc7 Rb8 18. Bf4 Ne5 19. Rd1 Kc6 20. Bxe5
Bxe5 21. Rc4+ Kd7 22. Re4 Kc6 23. c3 b5 24. f4 Bxe6 25. Nxe6 Rbe8 26. fxe5 Rxe6
27. Rxd6+ Rxd6 28. exd6 Kxd6 29. Kf2 Rf8+ 30. Ke2 a5 31. g4 g5 32. c4 bxc4 33.
Rxc4 Re8+ 34. Kf2 Rf8+ 35. Kg3 Re8 36. Ra4 Re5 37. Kf3 h6 38. Rd4+ Kc7 39. Re4
Rc5 40. a3 1/2-1/2

[Event "KP 2017-18, Slavia HK - Vrchlabi"]
[Site "KHSS"]
[Date "2017.11.26"]
[Round "3.5"]
[White "Smolej, Lukas"]
[Black "Janak, Jaroslav"]
[Result "1-0"]
[WhiteElo "2008"]
[BlackElo "1767"]
[PlyCount "45"]
[EventDate "2017.11.26"]

1. d4 d5 2. Nc3 Nf6 3. Bg5 e6 4. e4 dxe4 5. Nxe4 Be7 6. Bxf6 Bxf6 7. Nf3 O-O 8.
c3 Nd7 9. Bd3 Be7 10. Qe2 c6 11. O-O-O b5 12. h4 a5 13. Neg5 Nf6 14. Ne5 Bb7
15. Rde1 Qd5 16. Kb1 b4 17. c4 Qxd4 18. Nexf7 Rxf7 19. Nxf7 c5 20. Qxe6 Qxd3+
21. Ka1 Qd4 22. Nh6+ Kh8 23. Qg8+ 1-0

[Event "KP 2017-18, Slavia HK - Vrchlabi"]
[Site "KHSS"]
[Date "2017.11.26"]
[Round "3.6"]
[White "Kovar, Ladislav"]
[Black "Pribik, Petr"]
[Result "1/2-1/2"]
[WhiteElo "1724"]
[BlackElo "1930"]
[PlyCount "29"]
[EventDate "2017.11.26"]

1. d4 d5 2. c4 e6 3. Nc3 Nf6 4. Bg5 Be7 5. e3 c6 6. Nf3 Nbd7 7. Bd3 h6 8. Bxf6
Nxf6 9. O-O O-O 10. Qc2 dxc4 11. Bxc4 Nd5 12. Nxd5 exd5 13. Bd3 Bd6 14. Bf5
Bxf5 15. Qxf5 1/2-1/2

[Event "KP 2017-18, Slavia HK - Vrchlabi"]
[Site "KHSS"]
[Date "2017.11.26"]
[Round "3.7"]
[White "Nun, Josef"]
[Black "Urvalek, Tomas"]
[Result "1/2-1/2"]
[WhiteElo "2172"]
[BlackElo "1704"]
[PlyCount "34"]
[EventDate "2017.11.26"]

1. e4 d5 2. exd5 Qxd5 3. Nc3 Qa5 4. d4 c6 5. Bd3 Nf6 6. Nf3 Bg4 7. O-O e6 8. h3
Bh5 9. Re1 Be7 10. a3 Nbd7 11. Bf4 O-O 12. g4 Bg6 13. b4 Qd8 14. Bxg6 hxg6 15.
Qe2 Nd5 16. Nxd5 cxd5 17. c4 dxc4 1/2-1/2

[Event "KP 2017-18, Slavia HK - Vrchlabi"]
[Site "KHSS"]
[Date "2017.11.26"]
[Round "3.8"]
[White "Vancl, Ladislav"]
[Black "Picek, Ivan"]
[Result "1/2-1/2"]
[WhiteElo "1618"]
[BlackElo "1759"]
[PlyCount "40"]
[EventDate "2017.11.26"]

1. e4 c5 2. b3 d6 3. Bb2 Nf6 4. Nc3 Nc6 5. d3 e5 6. Nf3 g6 7. Be2 Bh6 8. Bc1
Bxc1 9. Qxc1 O-O 10. O-O Qa5 11. Qd2 Kg7 12. Nb1 Qd8 13. c4 Nh5 14. g3 Nf6 15.
Kg2 Qd7 16. Ng1 Nd4 17. Nc3 Nxe2 18. Qxe2 a6 19. a4 b6 20. Ra2 a5 1/2-1/2

[Event "KP 2017-18, Lipa B - Nachod B"]
[Site "?"]
[Date "2017.11.26"]
[Round "3.1"]
[White "Vlach, Karel"]
[Black "Pultar, Petr"]
[Result "1-0"]
[WhiteElo "2118"]
[BlackElo "1862"]
[PlyCount "45"]
[EventDate "2017.??.??"]

1. c4 Nf6 2. g3 d5 3. d4 Bf5 4. Nc3 e6 5. Bg2 c6 6. Qb3 Qb6 7. Bf4 dxc4 8. Qxb6
axb6 9. e4 Bg6 10. Nge2 Be7 11. d5 Nh5 12. Bxb8 Rxb8 13. dxc6 bxc6 14. e5 Bg5
15. Bxc6+ Ke7 16. f4 Bh6 17. O-O Bf5 18. Bf3 Bh3 19. Rfd1 g6 20. Nd4 Rbc8 21.
Nc6+ Ke8 22. Nb5 Bf8 23. Nc7+ 1-0

[Event "KP 2017-18, Lipa B - Nachod B"]
[Site "?"]
[Date "2017.11.26"]
[Round "3.2"]
[White "Mojzis, Jan"]
[Black "Kaisler, Martin"]
[Result "1/2-1/2"]
[WhiteElo "2177"]
[BlackElo "2057"]
[PlyCount "31"]
[EventDate "2017.??.??"]

1. e4 e6 2. d4 d5 3. Nd2 Nf6 4. e5 Nfd7 5. Bd3 c5 6. c3 Nc6 7. Ne2 Qb6 8. Nf3
f6 9. exf6 Nxf6 10. O-O Bd6 11. Re1 O-O 12. Ng3 Bd7 13. Be3 Rae8 14. Rc1 c4 15.
Bb1 Qxb2 16. Re2 1/2-1/2

[Event "KP 2017-18, Lipa B - Nachod B"]
[Site "?"]
[Date "2017.11.26"]
[Round "3.3"]
[White "Ruda, Ondrej"]
[Black "Semerak, Pavel"]
[Result "1/2-1/2"]
[WhiteElo "2048"]
[BlackElo "2006"]
[PlyCount "55"]
[EventDate "2017.??.??"]

1. e4 e5 2. f4 exf4 3. Nf3 Ne7 4. d4 d5 5. Nc3 dxe4 6. Nxe4 Bf5 7. Bd3 Nd5 8.
O-O Be7 9. c4 Ne3 10. Bxe3 fxe3 11. Qe2 O-O 12. Qxe3 Nd7 13. Rad1 c6 14. Qf4
Bg6 15. Bb1 Qb6 16. Rf2 Rad8 17. g4 Nf6 18. Nc3 Bd6 19. Qg5 Qc7 20. Qh4 Bf4 21.
Re2 Rfe8 22. Rde1 Rxe2 23. Rxe2 Qd7 24. Bxg6 hxg6 25. h3 Re8 26. Kf1 Be3 27.
Qe1 Bf4 28. Rxe8+ 1/2-1/2

[Event "KP 2017-18, Lipa B - Nachod B"]
[Site "?"]
[Date "2017.11.26"]
[Round "3.4"]
[White "Pinkava, Josef"]
[Black "Novak, Ludek"]
[Result "0-1"]
[WhiteElo "1862"]
[BlackElo "1952"]
[PlyCount "52"]
[EventDate "2017.??.??"]

1. e4 c5 2. Nf3 d6 3. c4 e5 4. Be2 f5 5. exf5 Bxf5 6. d3 Nf6 7. Nc3 Be7 8. O-O
O-O 9. Bg5 Nc6 10. a3 a6 11. Rb1 Rb8 12. Nd2 b5 13. cxb5 axb5 14. Bxf6 Bxf6 15.
Nd5 Ne7 16. Qb3 Kh8 17. Rbd1 Be6 18. Bf3 Qa5 19. Be4 c4 20. dxc4 bxc4 21. Nxc4
Bxd5 22. Bxd5 Rxb3 23. Nxa5 Rb5 24. b4 Rxd5 25. Rxd5 Nxd5 26. Rd1 Nc3 0-1

[Event "KP 2017-18, Lipa B - Nachod B"]
[Site "?"]
[Date "2017.11.26"]
[Round "3.6"]
[White "Vagner, Patrik"]
[Black "Tsapanidis, Vasilis"]
[Result "0-1"]
[WhiteElo "1730"]
[BlackElo "1802"]
[PlyCount "72"]
[EventDate "2017.??.??"]

1. d4 g6 2. c4 Bg7 3. Nc3 d6 4. e4 Nc6 5. Nf3 e5 6. d5 Nce7 7. Be2 f5 8. O-O
Nf6 9. Qc2 O-O 10. b4 a5 11. Ba3 axb4 12. Bxb4 b6 13. a4 fxe4 14. Nxe4 Nxe4 15.
Qxe4 Bf5 16. Qe3 e4 17. Nd4 Qd7 18. a5 c5 19. dxc6 Nxc6 20. Bc3 Nxd4 21. Bxd4
bxa5 22. Bxg7 Qxg7 23. Qb6 Qe5 24. Rfd1 Rfd8 25. Rac1 a4 26. Rd5 Qe7 27. Ra5
Rxa5 28. Qxa5 Bd7 29. Qa7 Qf8 30. Bd1 Qe8 31. Qd4 Bc6 32. Ra1 Qd7 33. Ra3 d5
34. Be2 Qb7 35. h4 Qe7 36. g3 Qxa3 0-1

[Event "KP 2017-18, Lipa B - Nachod B"]
[Site "?"]
[Date "2017.11.26"]
[Round "3.5"]
[White "Nemec, Otakar"]
[Black "Bednar, Jiri"]
[Result "1-0"]
[WhiteElo "1905"]
[BlackElo "1866"]
[PlyCount "77"]
[EventDate "2017.??.??"]

1. e4 e5 2. Nf3 Nc6 3. Bb5 d6 4. O-O Bd7 5. c3 g6 6. d4 Bg7 7. Be3 Nge7 8. d5
Nb8 9. Bxd7+ Nxd7 10. Ne1 O-O 11. Nd2 h6 12. Nd3 f5 13. f3 Nf6 14. c4 f4 15.
Bf2 b6 16. Qe2 g5 17. b4 Ng6 18. c5 Rf7 19. cxd6 cxd6 20. Rac1 Rc8 21. b5 Rfc7
22. Rxc7 Rxc7 23. Rc1 Qc8 24. Rxc7 Qxc7 25. Nb4 Ne7 26. Qc4 Qxc4 27. Nxc4 Nc8
28. a4 Ne8 29. Nc6 Bf8 30. Kf1 Nc7 31. Ke2 Kf7 32. Kd3 Ke8 33. Kc3 Kd7 34. Kb4
Na8 35. a5 Kc7 36. Nxa7 bxa5+ 37. Kxa5 Nxa7 38. Bxa7 Kb7 39. b6 1-0

[Event "KP 2017-18, Lipa B - Nachod B"]
[Site "?"]
[Date "2017.11.26"]
[Round "3.7"]
[White "Portych, Vaclav"]
[Black "Dusbaba, Petr"]
[Result "1/2-1/2"]
[WhiteElo "1848"]
[BlackElo "1785"]
[PlyCount "134"]
[EventDate "2017.??.??"]

1. c4 Nf6 2. Nc3 d5 3. cxd5 Nxd5 4. Nf3 c6 5. g3 g6 6. Bg2 Bg7 7. O-O e5 8. d4
Nxc3 9. bxc3 exd4 10. cxd4 O-O 11. Bf4 Be6 12. a4 Bd5 13. Rb1 b6 14. Rc1 Bxf3
15. Bxf3 Qxd4 16. Qc2 Na6 17. Rfd1 Qb2 18. Qxb2 Bxb2 19. Rxc6 Rad8 20. Rb1 Bd4
21. a5 Nb8 22. Rc7 bxa5 23. Bh6 Rfe8 24. Rbb7 a4 25. e3 Be5 26. Rc4 a3 27. Rxa7
Bb2 28. Rca4 Re6 29. Ra8 Ree8 30. Bf4 Kg7 31. Kg2 Nd7 32. Rxd8 Rxd8 33. Ra5 Nf6
34. Ra4 h6 35. Bc7 Rd7 36. Bb6 Nd5 37. Bxd5 Rxd5 38. Kf3 Rd6 39. Bc5 Rd3 40.
Ke2 Rb3 41. Kd2 g5 42. h4 Kg6 43. hxg5 hxg5 44. g4 Kf6 45. f3 Ke6 46. f4 gxf4
47. exf4 Rg3 48. g5 Rg2+ 49. Kd3 Rg3+ 50. Ke4 f5+ 51. gxf6 Kxf6 52. Ra6+ Kf7
53. Kf5 Rd3 54. Ra7+ Ke8 55. Ke6 Kd8 56. f5 Rf3 57. Kd6 Ke8 58. Re7+ Kd8 59.
Bb6+ Kc8 60. Kc6 Rc3+ 61. Bc5 Kd8 62. f6 Rxc5+ 63. Kxc5 Bxf6 64. Ra7 Bb2 65.
Kd6 Kc8 66. Ra4 Kb7 67. Rb4+ Kc8 1/2-1/2

[Event "KP 2017-18, Lipa B - Nachod B"]
[Site "?"]
[Date "2017.11.26"]
[Round "3.8"]
[White "Kansky, Josef"]
[Black "Prazak, Pavel"]
[Result "1/2-1/2"]
[WhiteElo "1796"]
[BlackElo "1783"]
[PlyCount "94"]
[EventDate "2017.??.??"]

1. Nf3 Nf6 2. d4 e6 3. c4 b6 4. e3 Bb7 5. Be2 Bb4+ 6. Bd2 a5 7. Bxb4 axb4 8.
Nbd2 O-O 9. O-O c5 10. a3 Na6 11. dxc5 bxc5 12. axb4 Nxb4 13. Rxa8 Bxa8 14. Nb3
Qb6 15. Ne5 d6 16. Ng4 Nxg4 17. Bxg4 Be4 18. Qd2 Rb8 19. Bd1 Bd3 20. Be2 Bxe2
21. Qxe2 Na2 22. Nc1 Nxc1 23. Rxc1 Qxb2 24. Qxb2 Rxb2 25. Kf1 Kf8 26. Ra1 Rc2
27. Ra6 Ke7 28. Ra7+ Kf6 29. Rd7 Rxc4 30. Rxd6 Rb4 31. Rc6 Rb5 32. Rc7 h5 33.
Ke1 g5 34. h3 Kg6 35. Rc6 Kf5 36. f3 f6 37. g4+ hxg4 38. hxg4+ Ke5 39. Rc8 Kd5
40. Rd8+ Ke5 41. Rc8 Kd6 42. Rd8+ Ke7 43. Rc8 Ra5 44. Ke2 Kd6 45. Rd8+ Ke7 46.
Rc8 Kd7 47. Rf8 Ke7 1/2-1/2

[Event "KP 2017-18, Lazne Belohrad-Dvur Kralove"]
[Site "?"]
[Date "2017.11.26"]
[Round "3.1"]
[White "Nalevka, Petr"]
[Black "Kraus, Tomas"]
[Result "1-0"]
[WhiteElo "2054"]
[BlackElo "2427"]
[PlyCount "79"]
[EventDate "2017.??.??"]

1. d4 c5 2. d5 e5 3. e4 d6 4. Nc3 Be7 5. f4 exf4 6. Bxf4 Bg5 7. Bxg5 Qxg5 8.
Nf3 Qe7 9. Bd3 Nf6 10. O-O O-O 11. e5 dxe5 12. d6 Qe6 13. Nb5 Na6 14. Re1 c4
15. Rxe5 Qg4 16. Bf1 Bd7 17. Nbd4 Rac8 18. Qd2 Ne4 19. Qa5 Qf4 20. Re1 Rc5 21.
Rxc5 Nexc5 22. Bxc4 Qxd6 23. b4 Ne6 24. Nxe6 fxe6 25. a3 Rc8 26. Bd3 h6 27. Qh5
Be8 28. Qg4 Nc7 29. Qe4 g6 30. Ne5 Rd8 31. Qxb7 Qb6+ 32. Qxb6 axb6 33. Kf2 Kg7
34. Ra1 Ra8 35. c4 Na6 36. Rb1 Nc7 37. Rb3 Kf6 38. Ng4+ Kg5 39. Kg3 Ba4 40. h4+
1-0

[Event "KP 2017-18, Lazne Belohrad-Dvur Kralove"]
[Site "Doma"]
[Date "2017.11.26"]
[Round "3.2"]
[White "Machan, Jan"]
[Black "Korinek, Pavel"]
[Result "1-0"]
[WhiteElo "2294"]
[BlackElo "1969"]
[PlyCount "55"]
[EventDate "2017.??.??"]
[TimeControl "240+2"]

1. d4 d5 2. Nf3 Nf6 3. c4 c6 4. Nbd2 Nbd7 5. g3 g6 6. Bg2 Bg7 7. O-O O-O 8. Qc2
dxc4 9. Nxc4 Nb6 10. Ncd2 Bg4 11. h3 Bxf3 12. Nxf3 Re8 13. Rd1 e6 14. e4 Rc8
15. Bg5 h6 16. Be3 Qe7 17. Rac1 Nbd7 18. Nd2 Red8 19. Nc4 Ne8 20. Qb3 b6 21. f4
Kh7 22. e5 Nb8 23. g4 Bf8 24. Be4 Qd7 25. Qc2 Ng7 26. Qe2 Na6 27. Nxb6 axb6 28.
Qxa6 1-0

[Event "KP 2017-18, Lazne Belohrad-Dvur Kralove"]
[Site "?"]
[Date "2017.11.26"]
[Round "3.3"]
[White "Kykal, Vojtech"]
[Black "Smid, Jaroslav"]
[Result "1-0"]
[WhiteElo "1980"]
[BlackElo "1958"]
[PlyCount "59"]
[EventDate "2017.??.??"]

1. d4 d5 2. Nf3 g6 3. Bf4 Bg7 4. e3 c5 5. c3 Qb6 6. Qc1 Nc6 7. Bd3 Nf6 8. O-O
Nh5 9. dxc5 Qxc5 10. Bg5 O-O 11. e4 Bg4 12. Nbd2 Ne5 13. Nxe5 Bxe5 14. g3 Rfd8
15. exd5 Rxd5 16. Be4 Rd7 17. Be3 Qc7 18. Nf3 Bg7 19. Nd4 Nf6 20. Bg2 Nd5 21.
Bh6 Bxd4 22. cxd4 Rc8 23. Qd2 Qd6 24. Rac1 Rdc7 25. Rxc7 Rxc7 26. Qa5 Be6 27.
Bxd5 b6 28. Qb5 Bd7 29. Qb3 e6 30. Bf4 1-0

[Event "KP 2017-18, Lazne Belohrad-Dvur Kralove"]
[Site "?"]
[Date "2017.11.26"]
[Round "3.4"]
[White "Spacek, Libor"]
[Black "Bartak, Pavel"]
[Result "1-0"]
[WhiteElo "2092"]
[BlackElo "1999"]
[PlyCount "73"]
[EventDate "2017.??.??"]

1. e4 e6 2. Nc3 d5 3. Nf3 Nf6 4. d3 Bb4 5. Bd2 O-O 6. e5 Nfd7 7. Ne2 Bxd2+ 8.
Qxd2 c5 9. c3 b6 10. d4 Ba6 11. Ng3 Bxf1 12. Nxf1 Nc6 13. Ng3 f6 14. exf6 Qxf6
15. O-O Rad8 16. b4 cxb4 17. cxb4 Qf5 18. Qb2 e5 19. dxe5 Ndxe5 20. Nxe5 Nxe5
21. Rad1 Ng4 22. Rd4 Qg5 23. Qd2 Qxd2 24. Rxd2 Rf4 25. a3 Rc4 26. h3 Nf6 27.
Rfd1 Kf7 28. f3 Rc3 29. Rd3 Rdc8 30. Ne2 Rxd3 31. Rxd3 Ke6 32. Kf2 Rc2 33. Ke3
Ke5 34. f4+ Kd6 35. g4 Rc7 36. Nc3 h6 37. Nb5+ 1-0

[Event "KP 2017-18, Lazne Belohrad-Dvur Kralove"]
[Site "?"]
[Date "2017.11.26"]
[Round "3.5"]
[White "Vavra, Vojtech"]
[Black "Duch, Robert"]
[Result "1-0"]
[WhiteElo "1828"]
[BlackElo "1715"]
[PlyCount "97"]
[EventDate "2017.??.??"]

1. d4 Nf6 2. c4 e6 3. Nc3 d5 4. Nf3 Be7 5. Bf4 c6 6. e3 O-O 7. Bd3 Nbd7 8. O-O
dxc4 9. Bxc4 Nb6 10. Bd3 Nfd5 11. Bg3 f5 12. Qc2 Nb4 13. Qe2 N4d5 14. Rac1 Bd7
15. Rfe1 Be8 16. Qd2 g5 17. h3 Bg6 18. Be5 Nb4 19. Bb1 Nc4 20. Qe2 Nxe5 21.
Nxe5 Bf6 22. Nxg6 hxg6 23. Qc4 Qd6 24. a3 Nd5 25. Ba2 Rae8 26. Qb3 Rf7 27. e4
Nxc3 28. bxc3 fxe4 29. Rxe4 Rfe7 30. Rce1 Kf7 31. Rf1 Qd5 32. Qc2 Qf5 33. f3
Qa5 34. f4 g4 35. hxg4 c5 36. g5 Bg7 37. f5 gxf5 38. Rxf5+ Kg8 39. Rxc5 Qxa3
40. Rh4 Rf7 41. g6 Rf6 42. Rc7 Qa6 43. Bc4 Qa1+ 44. Kh2 Qe1 45. Rh7 Rf4 46.
Rcxg7+ Kf8 47. Rf7+ Rxf7 48. gxf7 Rc8 49. Qg6 1-0

[Event "KP 2017-18, Lazne Belohrad-Dvur Kralove"]
[Site "?"]
[Date "2017.11.26"]
[Round "3.6"]
[White "Nejedlo, Josef"]
[Black "Kykal, Zbynek"]
[Result "1/2-1/2"]
[WhiteElo "1881"]
[BlackElo "1765"]
[PlyCount "115"]
[EventDate "2017.??.??"]

{%Created by Caissa's Web PGN Editor} 1. c4 c6 2. Nf3 Nf6 3. d4 d5 4. e3 Bf5 5.
Nc3 e6 6. Be2 Nbd7 7. Nh4 Be4 8. Nxe4 Nxe4 9. Nf3 g6 10. O-O Bg7 11. Nd2 Ndf6
12. Qc2 O-O 13. Bd3 Nxd2 14. Bxd2 Re8 15. Bc3 Qc7 16. h3 Rac8 17. b3 Nd7 18.
Rac1 Qd8 19. Qb2 Qe7 20. e4 dxe4 21. Bxe4 Qd6 22. Rcd1 Qc7 23. Rfe1 b6 24. Bf3
c5 25. d5 Bxc3 26. Qxc3 exd5 27. Bxd5 Ne5 28. f4 Nc6 29. Qf6 Nb4 30. Re5 Rxe5
31. fxe5 Re8 32. e6 Nxd5 33. cxd5 fxe6 34. Re1 Qe7 35. Qe5 Qg7 36. Qg5 Qd4+ 37.
Kh1 e5 38. Qf6 Qxd5 39. Rf1 Qe6 40. Qg5 b5 41. Qe3 c4 42. bxc4 Qxc4 43. Qf2 a5
44. a3 b4 45. axb4 axb4 46. Rb1 b3 47. Qb2 e4 48. Qxb3 Qxb3 49. Rxb3 Kg7 50.
Rb7+ Kf6 51. Kg1 h5 52. Kf2 Re6 53. Ke3 Kg5 54. g3 Kf5 55. Rb5+ Re5 56. Rb8 Re6
57. Rb5+ Re5 58. Rb8 1/2-1/2

[Event "KP 2017-18, Lazne Belohrad-Dvur Kralove"]
[Site "?"]
[Date "2017.11.26"]
[Round "3.7"]
[White "Matous, Bedrich"]
[Black "Fuchs, Frantisek"]
[Result "1-0"]
[WhiteElo "1832"]
[BlackElo "1870"]
[PlyCount "45"]
[EventDate "2017.??.??"]

1. d4 d5 2. Nf3 Nf6 3. e3 Bf5 4. Nh4 Bg4 5. Qd3 c6 6. Nd2 e6 7. Nhf3 Nbd7 8.
Qb3 Qb6 9. Bd3 Bd6 10. c3 O-O 11. Bc2 Rac8 12. h3 Bh5 13. Ng5 Bg6 14. f4 Rfe8
15. Ngf3 c5 16. Bxg6 hxg6 17. Qa4 cxd4 18. cxd4 Rc7 19. O-O Rec8 20. Ne5 Bb4
21. Nxd7 Rxd7 22. Nf3 Ne4 23. Qxd7 1-0

[Event "KP 2017-18, Lazne Belohrad-Dvur Kralove"]
[Site "?"]
[Date "2017.11.26"]
[Round "3.8"]
[White "Svida, Rostislav"]
[Black "Pochop, Karel st."]
[Result "1-0"]
[WhiteElo "1695"]
[BlackElo "1748"]
[PlyCount "59"]
[EventDate "2017.??.??"]

1. d4 Nf6 2. Nf3 g6 3. g3 Bg7 4. Bg2 d5 5. O-O O-O 6. c4 c6 7. Nc3 Nbd7 8. cxd5
cxd5 9. Ne5 e6 10. Bg5 h6 11. Nxd7 Bxd7 12. Bf4 Qb6 13. Qd2 Kh7 14. Be5 Ng4 15.
Bxg7 Kxg7 16. e4 dxe4 17. Nxe4 f5 18. Nc5 Nf6 19. b3 Rab8 20. Rfe1 Rfd8 21. Qf4
g5 22. Qe5 Kf7 23. h3 Re8 24. Qxf6+ Kxf6 25. Nxd7+ Kf7 26. Nxb6 axb6 27. d5 e5
28. Rac1 Re7 29. d6 Re6 30. Bd5 1-0

[Event "KP 2017-18, Jicin B - Hronov"]
[Site "?"]
[Date "2017.11.26"]
[Round "3.1"]
[White "Stolc, Martin"]
[Black "Kowalczyk, Pawel"]
[Result "1/2-1/2"]
[WhiteElo "2078"]
[BlackElo "2392"]
[PlyCount "119"]
[EventDate "2017.12.03"]
[WhiteTeam "ŠK AD Jièín B"]
[BlackTeam "TJ Hronov"]

1. e4 d5 2. exd5 Nf6 3. Nc3 Nxd5 4. Nxd5 Qxd5 5. d4 Nc6 6. c3 e5 7. Qe2 Be7 8.
dxe5 Bf5 9. Bf4 O-O-O 10. Qc4 Nxe5 11. Qxd5 Rxd5 12. Rd1 Nd3+ 13. Bxd3 Bxd3 14.
Rd2 Bc5 15. Nh3 h6 16. Be3 Bxe3 17. fxe3 g5 18. Nf2 Bc4 19. b3 Rxd2 20. Kxd2
Rd8+ 21. Kc2 Bd5 22. e4 Bc6 23. Re1 Re8 24. g3 f5 25. Kd3 Rd8+ 26. Kc2 fxe4 27.
Nxe4 Rf8 28. Kd2 b6 29. Re2 a5 30. c4 Rf1 31. Ke3 Kd7 32. Nf2 a4 33. Ng4 axb3
34. axb3 Kd6 35. Nxh6 Kc5 36. Kd3 Rf3+ 37. Re3 Rxe3+ 38. Kxe3 Kb4 39. Nf7 Kxb3
40. h4 gxh4 41. gxh4 Be8 42. Ne5 Kc3 43. Ke4 c6 44. Ke3 b5 45. Nxc6 Kxc4 46.
Ne5+ Kc3 47. Nd3 Bf7 48. Nc1 Bg6 49. Ne2+ Kc4 50. Kd2 b4 51. Kc1 Kb3 52. Nd4+
Kc3 53. Ne2+ Kb3 54. Nd4+ Ka3 55. h5 Bh7 56. h6 Ka2 57. Kd1 Kb1 58. Kd2 Kb2 59.
Nc6 b3 60. Nd4 1/2-1/2

[Event "KP 2017-18, Jicin B - Hronov"]
[Site "?"]
[Date "2017.11.26"]
[Round "3.2"]
[White "Cap, Jaroslav"]
[Black "Urban, Zdenek"]
[Result "0-1"]
[WhiteElo "1755"]
[BlackElo "2180"]
[PlyCount "74"]
[EventDate "2017.12.03"]
[WhiteTeam "TJ Hronov"]
[BlackTeam "ŠK AD Jièín"]

1. e4 c5 2. d4 cxd4 3. c3 dxc3 4. Nxc3 Nc6 5. Nf3 d6 6. Bc4 e6 7. O-O Be7 8.
Qe2 a6 9. Rd1 Qc7 10. Be3 Nf6 11. Rac1 O-O 12. a3 Qb8 13. b4 b5 14. Ba2 Bd7 15.
h3 Rc8 16. Bg5 Ra7 17. Qe3 Be8 18. Bf4 Rd7 19. g4 Ne5 20. Nxe5 dxe5 21. Bg3 a5
22. Rxd7 Bxd7 23. bxa5 Bxa3 24. Rd1 b4 25. Nb1 Ba4 26. Bb3 Bxb3 27. Qxb3 h5 28.
Nxa3 bxa3 29. Qxa3 Nxe4 30. a6 Qa7 31. Kg2 Rc3 32. Rd8+ Kh7 33. Qb2 Qc7 34. Qb7
Rxg3+ 35. fxg3 Qc2+ 36. Kf3 Qf2+ 37. Kxe4 Qe2# 0-1

[Event "KP 2017-18, Jicin B - Hronov"]
[Site "?"]
[Date "2017.11.26"]
[Round "3.3"]
[White "Kabelka, Ondrej"]
[Black "Prochazka, Jan"]
[Result "1-0"]
[WhiteElo "2039"]
[BlackElo "1892"]
[PlyCount "65"]
[EventDate "2017.12.03"]
[WhiteTeam "ŠK AD Jièín B"]
[BlackTeam "TJ Hronov"]

1. c4 e6 2. Nc3 d5 3. d4 Nf6 4. Bg5 Nbd7 5. e3 c6 6. cxd5 exd5 7. Qc2 Be7 8.
Bd3 h6 9. Bh4 O-O 10. Nge2 Re8 11. O-O Nf8 12. f3 Nh5 13. Bf2 Bh4 14. e4 Be6
15. e5 Bxf2+ 16. Rxf2 g6 17. Qd2 Ng7 18. Qxh6 Bf5 19. Qd2 Bxd3 20. Qxd3 Nfe6
21. f4 Qb6 22. g4 Qd8 23. Raf1 Qh4 24. Rg2 Nf8 25. Nd1 Rac8 26. Ne3 Rc7 27. Rg3
Qe7 28. f5 Qd7 29. Nf4 g5 30. Nh5 Nxh5 31. gxh5 Nh7 32. h4 f6 33. Ng4 1-0